000 01189cam a22003377a 4500
003 CHAP
005 20220329142315.0
008 000606d2000 mx ab r 00110 spa d
010 _a81398
011 _a82370
035 _a92862
040 _cCHAP
090 _aTesis
100 0 0 _aMartínez Cantera, Gabriel.
_971888
245 1 0 _aEstado de conocimiento de Pinus greggii Engelm
_c/por Gabriel Martínez Cantera
260 _aChapingo, Méx. :
_bEl autor,
_c2000.
300 _a382 p. :
_bilus. ; gráfs. ; mapas
502 _aTesis (Ing. Forestal con orientación en Silvicultura) -- UACH. División de Ciencias Forestales
590 _aALEPH
_b10
_c20130110
_lUCH01
_h1436
590 _aBATCH-UPD
_b10
_c20130110
_lUCH01
_h0355
590 _aBATCH-UPD
_b10
_c20130110
_lUCH01
_h2007
590 _aBATCH-UPD
_b10
_c20130410
_lUCH01
_h0028
590 _aBATCH-UPD
_b10
_c20130914
_lUCH01
_h1800
590 _aCONVERSION
_b10
_c20130109
_lUCH01
_h1345
650 1 4 _aPinus greggii.
_988338
901 _aBK
905 _aBlanca M. García O.
942 _cFOLL
949 _aTesis
_bBC
_cTES
_d33724000781829
_eTS2
_fc.2
_h36419
_i92862
_si
949 _aTesis
_bBC
_cTES
_d928621
_eTS1
_h36418
_i92862
_sb
999 _c81398
_d81398